[Event "World Youth Open U16 2016"]
[Site "Khanty-Mansiysk RUS"]
[Date "2016.09.30"]
[Round "8.6"]
[White "Mustafin, Andrey"]
[Black "Livaic, Leon"]
[Result "0-1"]
[WhiteTitle "FM"]
[BlackTitle "FM"]
[WhiteElo "2242"]
[BlackElo "2436"]
[WhiteFideId "13406744"]
[BlackFideId "14531534"]
[EventDate "2016.09.22"]

1. Nf3 Nf6 2. b3 g6 3. Bb2 Bg7 4. e3 O-O 5. Be2 d6 6. d4 Nbd7 7. O-O Re8 8. c4
c6 9. Nc3 e5 10. Qc2 e4 11. Nd2 Qe7 12. b4 h5 13. d5 h4 14. dxc6 bxc6 15. c5
dxc5 16. b5 h3 17. g3 cxb5 18. Nxb5 Rd8 19. Nc4 Nb6 20. Na5 Bd7 21. Rac1 Rdc8
22. Rfd1 Nfd5 23. Bxg7 Kxg7 24. Nc3 Nf6 25. Ba6 Rc7 26. Nb5 Bxb5 27. Bxb5 Rac8
28. Bf1 Qe6 29. Nc4 Nbd5 30. Qb2 Nb6 31. Qc3 Nxc4 32. Qxc4 Qf5 33. Rc2 Rc6 34.
Qc3 Rb6 35. Qa5 Rc7 36. Rdc1 Nd7 37. Qc3+ Kh7 38. Rd1 Ne5 39. Bxh3 Qh5 40. Rcc1
Nf3+ 41. Kg2 Ng5 42. Bd7 Rxd7 43. Rxd7 Qh3+ 44. Kh1 Qxd7 45. Qxc5 Qg4 0-1

[Event "World Youth Open U16 2016"]
[Site "Khanty-Mansiysk RUS"]
[Date "2016.09.30"]
[Round "8.7"]
[White "Gholami, Aryan"]
[Black "Tiglon, Bryce"]
[Result "1-0"]
[WhiteTitle "FM"]
[BlackTitle "FM"]
[WhiteElo "2435"]
[BlackElo "2292"]
[WhiteFideId "12513342"]
[BlackFideId "2087456"]
[EventDate "2016.09.22"]

1. e4 c5 2. Nf3 d6 3. c3 Nf6 4. Be2 Bd7 5. d3 g6 6. O-O Bg7 7. Re1 O-O 8. Bf1
Nc6 9. d4 cxd4 10. cxd4 Bg4 11. Nc3 Bxf3 12. gxf3 e5 13. dxe5 dxe5 14. f4 Qa5
15. Bg2 exf4 16. Bxf4 Nh5 17. Bd2 Qe5 18. Qg4 Nb4 19. Red1 Nd3 20. Rab1 Nhf4 21.
Nd5 Nxg2 22. Qxg2 Nxb2 23. Bc3 Qh5 24. Rd4 Bxd4 25. Bxd4 f6 26. Bxb2 Qh4 1-0

[Event "World Youth Open U16 2016"]
[Site "Khanty-Mansiysk RUS"]
[Date "2016.09.30"]
[Round "8.8"]
[White "Zhu, Yi"]
[Black "Lobanov, Sergei"]
[Result "1-0"]
[WhiteTitle "FM"]
[WhiteElo "2296"]
[BlackElo "2432"]
[WhiteFideId "8607435"]
[BlackFideId "24183750"]
[EventDate "2016.09.22"]

1. d4 Nf6 2. c4 e6 3. g3 d5 4. Nf3 Be7 5. Bg2 O-O 6. O-O b6 7. Qc2 Bb7 8. Rd1
Na6 9. a3 c5 10. cxd5 exd5 11. Nc3 Nc7 12. Bd2 Ne6 13. Be1 Rc8 14. e3 Qc7 15.
Rac1 Rfd8 16. Qb1 Qb8 17. h4 Ne4 18. Bh3 Nf6 19. Qa2 cxd4 20. exd4 Nh5 21. Qb1 1-0

[Event "World Youth Open U16 2016"]
[Site "Khanty-Mansiysk RUS"]
[Date "2016.09.30"]
[Round "8.9"]
[White "Trubchaninov, Timur"]
[Black "Costachi, Mihnea"]
[Result "1/2-1/2"]
[BlackTitle "FM"]
[WhiteElo "2233"]
[BlackElo "2420"]
[WhiteFideId "24176931"]
[BlackFideId "1217518"]
[EventDate "2016.09.22"]

1. e4 e5 2. Nf3 Nc6 3. Bb5 a6 4. Ba4 Nf6 5. O-O Be7 6. Re1 b5 7. Bb3 O-O 8. c3
d6 9. h3 Nb8 10. d4 Nbd7 11. Nbd2 Bb7 12. Bc2 Re8 13. Nf1 Bf8 14. Ng3 g6 15. Nh2
Bg7 16. f4 exd4 17. cxd4 c5 18. e5 Nd5 19. Ne4 Bf8 20. Ng4 Qb6 21. dxc5 dxc5 22.
Ne3 Nxe3 23. Bxe3 Rad8 24. Qe2 Bxe4 25. Bxe4 Nf6 26. Bf3 Nd5 27. Rad1 Nxe3 28.
Qxe3 Rd4 29. Rxd4 cxd4 30. Qd3 Qc5 31. Be4 a5 32. Kh2 Rd8 33. h4 Kg7 34. h5 Qc4
35. a3 Qxd3 36. Bxd3 b4 37. axb4 Bxb4 38. Re2 Rc8 39. hxg6 hxg6 40. Rc2 Rxc2 41.
Bxc2 1/2-1/2

[Event "World Youth Open U16 2016"]
[Site "Khanty-Mansiysk RUS"]
[Date "2016.09.30"]
[Round "8.10"]
[White "Fakhrutdinov, Timur"]
[Black "Nurzhanov, Timur"]
[Result "1-0"]
[WhiteTitle "FM"]
[WhiteElo "2419"]
[BlackElo "2087"]
[WhiteFideId "24176702"]
[BlackFideId "13709780"]
[EventDate "2016.09.22"]

1. e4 d6 2. d4 c6 3. Nc3 Qa5 4. Nf3 Nf6 5. Bd2 e5 6. Bc4 Bg4 7. dxe5 dxe5 8. h3
Bxf3 9. Qxf3 Qc7 10. g4 h6 11. O-O-O b5 12. Bb3 Nbd7 13. h4 a5 14. a4 b4 15. Ne2
Nc5 16. Be3 h5 17. Bxc5 Bxc5 18. gxh5 Nxh5 19. Rhg1 g6 20. Rg5 Rf8 21. Qd3 Ke7
22. Qc4 Bxf2 23. Rxg6 Nf6 24. Rg7 Ke8 25. Qd3 Rd8 26. Bxf7+ Rxf7 27. Qxd8+ Qxd8
28. Rxd8+ Kxd8 29. Rxf7 Bxh4 30. Ra7 Nxe4 31. Rxa5 Bf6 32. Ra7 Nc5 33. b3 Be7
34. Ra8+ Kd7 35. Rg8 Ke6 36. Kd1 Bd6 37. Rg6+ Kd5 38. c4+ bxc3 39. Nxc3+ Kd4 40.
Rxd6+ Kxc3 41. Rxc6 1-0

[Event "World Youth Open U16 2016"]
[Site "Khanty-Mansiysk RUS"]
[Date "2016.09.30"]
[Round "8.11"]
[White "Ozen, Bahadir"]
[Black "Hilby, Craig"]
[Result "1/2-1/2"]
[WhiteTitle "FM"]
[BlackTitle "FM"]
[WhiteElo "2304"]
[BlackElo "2319"]
[WhiteFideId "6337058"]
[BlackFideId "2062674"]
[EventDate "2016.09.22"]

1. e4 e5 2. Nf3 Nc6 3. Be2 Nf6 4. d3 d5 5. Nbd2 Bc5 6. O-O O-O 7. c3 a5 8. a4 h6
9. exd5 Qxd5 10. Nc4 e4 11. dxe4 Qxd1 12. Rxd1 Nxe4 13. Be3 1/2-1/2

[Event "World Youth Open U16 2016"]
[Site "Khanty-Mansiysk RUS"]
[Date "2016.09.30"]
[Round "8.12"]
[White "Fawzy, Adham"]
[Black "Laurent-Paoli, Pierre"]
[Result "1-0"]
[WhiteTitle "IM"]
[BlackTitle "FM"]
[WhiteElo "2451"]
[BlackElo "2305"]
[WhiteFideId "10613129"]
[BlackFideId "26017962"]
[EventDate "2016.09.22"]

1. e4 c6 2. d4 d5 3. exd5 cxd5 4. c4 Nf6 5. Nc3 e6 6. c5 Be7 7. Nf3 O-O 8. Qc2
b6 9. b4 Nc6 10. b5 Nb4 11. Qb3 bxc5 12. dxc5 Bxc5 13. a3 Qa5 14. Bb2 Na6 15.
bxa6 Ne4 16. Rc1 Bxf2+ 17. Kd1 Bxa6 18. Qb4 Qxb4 19. axb4 Bxf1 20. Rxf1 Nxc3+
21. Rxc3 Bb6 22. Ne5 Bd4 23. Rb3 Bxe5 24. Bxe5 f6 25. Bd6 Rfc8 26. Kd2 Rc6 27.
Bc5 e5 28. Ra3 a6 29. Rc1 Re8 30. Ba7 Rxc1 31. Kxc1 Re6 32. Rc3 Kf7 33. Kc2 g5
34. g4 Kg6 35. Rc8 h5 36. h3 hxg4 37. hxg4 Re7 38. Bc5 Re6 39. Kd3 Kh6 40. Rd8
d4 41. Ke4 Kg6 42. Kd5 1-0

[Event "World Youth Open U16 2016"]
[Site "Khanty-Mansiysk RUS"]
[Date "2016.09.30"]
[Round "8.13"]
[White "Askerov, Marat"]
[Black "Kevlishvili, Robby"]
[Result "0-1"]
[WhiteTitle "FM"]
[BlackTitle "FM"]
[WhiteElo "2299"]
[BlackElo "2402"]
[WhiteFideId "24175200"]
[BlackFideId "1040634"]
[EventDate "2016.09.22"]

1. d4 d5 2. c4 c6 3. Nf3 Nf6 4. Nc3 e6 5. Bg5 h6 6. Bxf6 Qxf6 7. e3 Nd7 8. Bd3
g6 9. O-O Bg7 10. e4 dxc4 11. e5 Qe7 12. Bxc4 O-O 13. Qe2 Rd8 14. Rad1 b5 15.
Bb3 Rb8 16. h4 c5 17. d5 c4 18. Bc2 exd5 19. Nxd5 Qe6 20. Nf4 Qg4 21. Qe3 Bb7
22. e6 Bxf3 23. Rxd7 Rxd7 24. exd7 Bc6 25. Rd1 Rd8 26. f3 Qxh4 27. Bxg6 fxg6 28.
Qe6+ Kh7 29. Qxg6+ Kh8 30. Ne6 Rxd7 31. Rxd7 Qe1+ 32. Kh2 Be5+ 33. f4 Qh4+ 34.
Kg1 Bxd7 35. g3 Qf6 36. Qe4 Qxe6 37. fxe5 Kg7 38. Qf4 Bc6 39. Kh2 Kh7 40. g4 Bd7
41. Kg3 Qxg4+ 42. Qxg4 Bxg4 43. Kxg4 Kg6 0-1

[Event "World Youth Open U16 2016"]
[Site "Khanty-Mansiysk RUS"]
[Date "2016.09.30"]
[Round "8.14"]
[White "Mitrabha, Guha"]
[Black "Nikitenko, Mihail"]
[Result "0-1"]
[WhiteTitle "FM"]
[WhiteElo "2286"]
[BlackElo "2399"]
[WhiteFideId "5057000"]
[BlackFideId "13506862"]
[EventDate "2016.09.22"]

1. d4 Nf6 2. c4 g6 3. g3 Bg7 4. Bg2 O-O 5. Nc3 d6 6. Nf3 Nc6 7. d5 Na5 8. Nd2 c6
9. Rb1 cxd5 10. cxd5 Bd7 11. O-O Rc8 12. Nb3 Bf5 13. e4 Rxc3 14. exf5 Rc8 15.
fxg6 hxg6 16. Bg5 Nc4 17. Re1 Re8 18. h4 Qb6 19. Bxf6 exf6 20. Rxe8+ Rxe8 21.
Qd3 Ne5 22. Qd4 Qa6 23. a3 f5 24. Qd2 Ng4 25. Nc1 Bh6 26. Qc3 Nxf2 27. Kxf2 Be3+
28. Kf3 Bxc1 29. Qc2 Bh6 30. Bf1 Qb6 31. Kg2 f4 32. Qf2 Re3 33. gxf4 Qd4 0-1

[Event "World Youth Open U16 2016"]
[Site "Khanty-Mansiysk RUS"]
[Date "2016.09.30"]
[Round "8.16"]
[White "Elistratov, Semen"]
[Black "Doluweera, Minul Sanjula"]
[Result "1-0"]
[WhiteTitle "FM"]
[BlackTitle "CM"]
[WhiteElo "2371"]
[BlackElo "2127"]
[WhiteFideId "24134325"]
[BlackFideId "9910760"]
[EventDate "2016.09.22"]

1. Nf3 Nf6 2. g3 d5 3. Bg2 c5 4. O-O Nc6 5. d4 Bg4 6. Ne5 Bf5 7. Nxc6 bxc6 8.
dxc5 e6 9. b4 a5 10. c3 axb4 11. cxb4 Bxb1 12. Rxb1 Rxa2 13. Bf4 Be7 14. Qb3 Ra8
15. b5 Qc8 16. Rfc1 O-O 17. bxc6 Qxc6 18. Qb7 Qxb7 19. Rxb7 Rfe8 20. c6 Kf8 21.
c7 Nd7 22. c8=Q Rexc8 23. Rxc8+ Rxc8 24. Rxd7 h6 25. Rb7 Bf6 1-0

[Event "World Youth Open U16 2016"]
[Site "Khanty-Mansiysk RUS"]
[Date "2016.09.30"]
[Round "8.17"]
[White "Cadilhac, Igor Tokuichi Kikuchi"]
[Black "Urban, Konstantin"]
[Result "1/2-1/2"]
[WhiteTitle "FM"]
[WhiteElo "2269"]
[BlackElo "2361"]
[WhiteFideId "2132150"]
[BlackFideId "12927511"]
[EventDate "2016.09.22"]

1. e4 c6 2. d4 d5 3. Nc3 dxe4 4. Nxe4 Bf5 5. Ng3 Bg6 6. h4 h6 7. Nf3 Nd7 8. h5
Bh7 9. Bd3 Bxd3 10. Qxd3 e6 11. Bd2 Ngf6 12. O-O-O Bd6 13. Ne4 Nxe4 14. Qxe4 Nf6
15. Qe2 Bc7 16. g4 Qd5 17. c4 Qe4 18. Qxe4 Nxe4 19. Be3 O-O 20. Ne5 Rfd8 21. f3
Nd6 22. b3 f6 23. Nd3 b5 24. Nc5 Bb6 25. Ne4 bxc4 26. Nxd6 Rxd6 27. bxc4 Rd7 28.
Kc2 Rad8 29. c5 Bc7 30. Rb1 e5 31. dxe5 Bxe5 32. Rhd1 Rxd1 33. Rxd1 Rxd1 34.
Kxd1 f5 35. Ke2 Kf7 36. Kd3 Ke6 37. Kc4 fxg4 38. fxg4 Kf6 1/2-1/2

[Event "World Youth Open U16 2016"]
[Site "Khanty-Mansiysk RUS"]
[Date "2016.09.30"]
[Round "8.18"]
[White "Nguyen, Dang Hong Phuc"]
[Black "Carnicelli, Valerio"]
[Result "1-0"]
[WhiteElo "2209"]
[BlackElo "2329"]
[WhiteFideId "12402761"]
[BlackFideId "856185"]
[EventDate "2016.09.22"]

1. d4 Nf6 2. Nf3 c5 3. c4 cxd4 4. Nxd4 e5 5. Nb5 d5 6. cxd5 Bc5 7. N5c3 O-O 8.
g3 Qb6 9. e3 Bg4 10. Be2 Bxe2 11. Qxe2 e4 12. a3 Re8 13. Nd2 Nbd7 14. b4 Bd6 15.
O-O Be5 16. Nc4 Qd8 17. Bb2 Bxc3 18. Bxc3 Nxd5 19. Bd4 Qe7 20. Rad1 Qe6 21. Rd2
N7f6 22. Rfd1 h5 23. Bxf6 Nxf6 24. Rd6 Qf5 25. R6d4 Re7 26. Nd6 Qh3 27. Qf1 Qg4
28. h3 Qe6 29. Qc4 Qxc4 30. Rxc4 Rd8 31. Rdd4 Kf8 32. Nc8 Red7 33. Rxd7 Nxd7 34.
Nxa7 f5 35. Rd4 Ke7 36. Nb5 Rc8 37. Kg2 Rc1 38. g4 g6 39. gxf5 gxf5 40. Rd5 Ke6
41. Rd6+ Ke7 42. Rh6 1-0

[Event "World Youth Open U16 2016"]
[Site "Khanty-Mansiysk RUS"]
[Date "2016.09.30"]
[Round "8.19"]
[White "Stabulnieks, Klavs"]
[Black "Janik, Igor"]
[Result "1/2-1/2"]
[BlackTitle "FM"]
[WhiteElo "2069"]
[BlackElo "2322"]
[WhiteFideId "11603984"]
[BlackFideId "1159259"]
[EventDate "2016.09.22"]

1. d4 d6 2. c4 e5 3. Nc3 exd4 4. Qxd4 Nf6 5. g3 g6 6. Bg2 Bg7 7. b3 O-O 8. Bb2
Nbd7 9. Nh3 Re8 10. Qd2 Nc5 11. Nf4 Ng4 12. O-O Ne5 13. Rad1 a5 14. Ba3 Ne6 15.
Nxe6 fxe6 16. c5 d5 17. e4 d4 18. Nb5 Nc6 19. e5 Nxe5 20. Nxd4 c6 21. Nf3 Nxf3+
22. Bxf3 Qf6 23. Qe3 a4 24. b4 e5 25. Bb2 Qf7 26. a3 Be6 27. Rfe1 Re7 28. Bg2
Rae8 29. Rd6 Bf5 30. Be4 Rf8 31. Re2 Bg4 32. Red2 Qc4 33. Qd3 Qxd3 34. R6xd3 Bh6
35. Rc2 Be6 36. Bc1 Bb3 37. Bxh6 Bxc2 38. Bxf8 Bxd3 39. Bxe7 Bxe4 40. Bd6 Kf7
41. Bxe5 Ke6 42. Bf4 Kd5 43. Kf1 Kc4 44. Ke1 Kb3 45. Kd2 Kxa3 46. Kc3 Ka2 47.
Bc1 Bf3 48. Bb2 Be2 49. Bc1 a3 50. f4 Bf1 51. Kc2 Bb5 52. h4 Bc4 53. Kc3 Be2 54.
Kc2 h5 55. Kc3 1/2-1/2

[Event "World Youth Open U16 2016"]
[Site "Khanty-Mansiysk RUS"]
[Date "2016.09.30"]
[Round "8.21"]
[White "Gazik, Viktor"]
[Black "Banzea, Alexandru-Bogdan"]
[Result "1/2-1/2"]
[WhiteTitle "FM"]
[BlackTitle "FM"]
[WhiteElo "2429"]
[BlackElo "2284"]
[WhiteFideId "14928752"]
[BlackFideId "1232622"]
[EventDate "2016.09.22"]

1. Nf3 Nf6 2. g3 g6 3. Bg2 Bg7 4. O-O O-O 5. d3 c5 6. e4 d6 7. c3 Nc6 8. Re1 e5
9. a3 d5 10. Nbd2 Re8 11. b4 cxb4 12. axb4 d4 13. cxd4 Nxd4 14. Bb2 Nxf3+ 15.
Nxf3 Bg4 16. Qb3 Bxf3 17. Bxf3 Nd7 18. Ra5 Qb6 19. Qa4 Red8 20. Bg4 Nf8 21. Be2
Ne6 22. Rb5 Qc6 23. Rc1 Qd7 24. Ra5 Qe7 25. Rd5 h5 26. Rc2 h4 27. Bg4 Qg5 28.
Bxe6 fxe6 29. Rxd8+ Rxd8 30. Rc3 Qg4 31. Qc2 Bf8 32. b5 h3 33. Qb1 Qf3 34. Qf1 1/2-1/2

[Event "World Youth Open U16 2016"]
[Site "Khanty-Mansiysk RUS"]
[Date "2016.09.30"]
[Round "8.22"]
[White "Saydaliev, Saidakbar"]
[Black "Zamar Kodelja, Jurij"]
[Result "1-0"]
[WhiteElo "2403"]
[BlackElo "2126"]
[WhiteFideId "14203693"]
[BlackFideId "14609649"]
[EventDate "2016.09.22"]

1. d4 Nf6 2. c4 c5 3. d5 b5 4. Qc2 bxc4 5. e4 d6 6. Bxc4 g6 7. Nf3 Bg7 8. O-O
O-O 9. h3 Nbd7 10. Bg5 Rb8 11. Nc3 Rb4 12. b3 h6 13. Bf4 Nh5 14. Bd2 Nb6 15. a3
Rxc4 16. bxc4 Nxc4 17. Rac1 Nxd2 18. Qxd2 Qa5 19. Rfe1 g5 20. e5 Nf4 21. h4 f6
22. exd6 exd6 23. g3 Ng6 24. Ne4 Qxa3 25. Re3 Qa6 26. h5 Ne5 27. Nxe5 fxe5 28.
Qb2 Bh3 29. Ra3 Qc8 30. Ra2 Qf5 31. Qb7 Bh8 32. Re1 Bg4 33. Qe7 Bxh5 34. Qe6+
Qxe6 35. dxe6 d5 36. e7 dxe4 37. exf8=Q+ Kxf8 38. Rb1 1-0

[Event "World Youth Open U16 2016"]
[Site "Khanty-Mansiysk RUS"]
[Date "2016.09.30"]
[Round "8.23"]
[White "Lodici, Lorenzo"]
[Black "Riess, Alexander"]
[Result "1-0"]
[WhiteTitle "FM"]
[BlackTitle "FM"]
[WhiteElo "2359"]
[BlackElo "2227"]
[WhiteFideId "884189"]
[BlackFideId "12953326"]
[EventDate "2016.09.22"]

1. d4 Nf6 2. c4 g6 3. Nc3 d5 4. h4 c5 5. dxc5 d4 6. Nb5 e5 7. Nf3 Bxc5 8. Nxe5
O-O 9. Nd3 Be7 10. Bf4 a6 11. Nc7 Ra7 12. Rc1 Nc6 13. Qb3 Bf5 14. c5 Nh5 15. Bh2
Bxh4 16. Qd5 Qg5 17. Kd1 Bxd3 18. exd3 Qxd5 19. Nxd5 Bxf2 20. Bd6 Rd8 21. g4 Ng3
22. Rh2 Nxf1 23. Rxf2 Ne3+ 24. Nxe3 dxe3 25. Re2 Re8 26. Rc4 Raa8 27. Kc2 Re6
28. Kc3 Rae8 29. d4 Re4 30. d5 Rxc4+ 31. Kxc4 Re4+ 32. Kc3 Nd4 33. Kd3 Rxg4 34.
Rxe3 Nb5 35. Re8+ Kg7 36. Be5+ f6 37. Re7+ Kf8 38. Bxf6 Rd4+ 39. Bxd4 Kxe7 40.
Be5 Kd7 41. a4 Na7 42. b4 g5 43. Kc4 Nc8 44. b5 axb5+ 45. axb5 b6 46. Kd4 h5 47.
c6+ Ke7 48. Bc7 Nd6 49. Bxb6 h4 50. Bc5 h3 51. c7 1-0

[Event "World Youth Open U16 2016"]
[Site "Khanty-Mansiysk RUS"]
[Date "2016.09.30"]
[Round "8.24"]
[White "Mirzoyan, David"]
[Black "Kalinouski, Siarhei"]
[Result "1-0"]
[WhiteTitle "FM"]
[WhiteElo "2322"]
[BlackElo "2169"]
[WhiteFideId "13308386"]
[BlackFideId "13507060"]
[EventDate "2016.09.22"]

1. d4 d5 2. c4 e6 3. Nc3 Nf6 4. cxd5 exd5 5. Bg5 Be7 6. e3 O-O 7. Bd3 h6 8. Bh4
c6 9. Qc2 a5 10. Nf3 Nbd7 11. O-O b6 12. h3 Ba6 13. Bxa6 Rxa6 14. Ne2 b5 15. Bg3
Ne4 16. Bh2 Bd6 17. Ne5 Qc7 18. Nxd7 Bxh2+ 19. Kh1 Qxd7 20. Kxh2 f5 21. Nf4 g5
22. Ng6 Qd6+ 23. Ne5 Qe6 24. f3 Nd6 25. b3 Nf7 26. f4 Nxe5 27. fxe5 Rf7 28. Rac1
g4 29. Rf4 c5 30. Qxc5 h5 31. Qc8+ Qxc8 32. Rxc8+ Kg7 33. Rc5 Kg6 34. h4 b4 35.
Rxd5 Rc7 36. Rc5 Rxc5 37. dxc5 Re6 38. Rc4 Rxe5 39. c6 Re8 40. c7 Rc8 41. Rc6+
Kf7 42. Kg3 Ke7 43. Kf4 Kd7 44. Rc4 Ke6 45. g3 Kd7 46. Kxf5 1-0

[Event "World Youth Open U16 2016"]
[Site "Khanty-Mansiysk RUS"]
[Date "2016.09.30"]
[Round "8.25"]
[White "Turar, Dastan"]
[Black "Yordanov, Lachezar"]
[Result "1-0"]
[WhiteElo "2205"]
[BlackElo "2300"]
[WhiteFideId "13707639"]
[BlackFideId "2918927"]
[EventDate "2016.09.22"]

1. d4 d5 2. c4 c6 3. Nc3 Nf6 4. Nf3 dxc4 5. a4 Bf5 6. e3 e6 7. Bxc4 Bb4 8. O-O
Nbd7 9. Qe2 Bg6 10. e4 O-O 11. Bd3 Bh5 12. e5 Nd5 13. Nxd5 cxd5 14. Qe3 Re8 15.
Ng5 h6 16. Qh3 g6 17. Nxf7 Kxf7 18. g4 Bxg4 19. Qxh6 Nf8 20. Bxg6+ Kg8 21. f3
Bh3 22. Qxh3 Nxg6 23. Qh6 Re7 24. Bg5 Qe8 25. Bxe7 Bxe7 26. Kh1 Bf8 27. Qg5 Be7
28. Qh5 Qf7 29. Rg1 Kg7 30. Rxg6+ Qxg6 31. Rg1 Qxg1+ 32. Kxg1 1-0

[Event "World Youth Open U16 2016"]
[Site "Khanty-Mansiysk RUS"]
[Date "2016.09.30"]
[Round "8.26"]
[White "Bold, Khosbayar"]
[Black "Villca, Julian"]
[Result "0-1"]
[BlackTitle "FM"]
[WhiteElo "1926"]
[BlackElo "2234"]
[WhiteFideId "4903692"]
[BlackFideId "134902"]
[EventDate "2016.09.22"]

1. e4 e5 2. Nf3 Nc6 3. Bb5 a6 4. Ba4 Nf6 5. d3 b5 6. Bb3 Bc5 7. c3 O-O 8. Bg5 h6
9. Bh4 Be7 10. Nbd2 d6 11. d4 exd4 12. Nxd4 Nxd4 13. cxd4 Nxe4 14. Bxe7 Qxe7 15.
Qe2 Re8 16. O-O-O Nc5 17. Qf3 Nxb3+ 18. Qxb3 Qg5 19. f4 Qf6 20. Qf3 Bd7 21. d5
c5 22. g4 Qh4 23. h3 f5 24. Rhg1 Re7 25. Qg2 fxg4 26. hxg4 Rae8 27. g5 Re2 28.
Qf1 Bh3 29. Rh1 Bxf1 30. Rxh4 hxg5 31. Rh5 Bg2 32. Rxg5 Kf7 33. a3 Kf6 34. Rg1
Re1+ 35. Rxe1 Rxe1+ 36. Kc2 Be4+ 37. Kb3 Bd3 38. Rg3 Bf5 39. a4 Re2 40. axb5
axb5 41. Nf1 Rf2 42. Ne3 Rxf4 43. Kc3 g5 44. b3 g4 45. Rg2 Rf3 46. Kd2 g3 47.
Ke2 Be4 48. Nf1 Rxf1 49. Kxf1 Bxg2+ 50. Kxg2 c4 0-1

[Event "World Youth Open U16 2016"]
[Site "Khanty-Mansiysk RUS"]
[Date "2016.09.30"]
[Round "8.27"]
[White "Mesaros, Florian"]
[Black "Mohammad, Fahim"]
[Result "1-0"]
[WhiteTitle "FM"]
[WhiteElo "2321"]
[BlackElo "2090"]
[WhiteFideId "1629220"]
[BlackFideId "10206248"]
[EventDate "2016.09.22"]

1. Nf3 c5 2. c4 g6 3. d4 Bg7 4. e4 Qa5+ 5. Nc3 Nc6 6. Be3 Nf6 7. Qd2 Ng4 8. dxc5
Nxe3 9. Qxe3 Nb4 10. Qd2 Qxc5 11. a3 Nc6 12. b4 Qb6 13. Rd1 d6 14. h3 O-O 15.
Be2 Be6 16. O-O Rac8 17. c5 Bxc3 18. Qxc3 dxc5 19. bxc5 Qa5 20. Qe3 Kg7 21. Rb1
Nd8 22. Rfc1 h6 23. Nd4 Kh7 24. Nxe6 fxe6 25. e5 Qc7 26. Bd3 Rg8 27. h4 Nc6 28.
f4 h5 29. Be4 Kg7 30. Qb3 Kf7 31. Qxb7 Qxb7 32. Rxb7 Rgd8 33. Kf2 a5 34. Ke3 a4
35. Rb6 Nd4 36. c6 Nf5+ 37. Bxf5 exf5 38. c7 1-0

[Event "World Youth Open U16 2016"]
[Site "Khanty-Mansiysk RUS"]
[Date "2016.09.30"]
[Round "8.28"]
[White "Poleg, Dan"]
[Black "Voinikonis, Nikita"]
[Result "0-1"]
[WhiteElo "2321"]
[BlackElo "2055"]
[WhiteFideId "2812398"]
[BlackFideId "34187500"]
[EventDate "2016.09.22"]

1. d4 Nf6 2. c4 g6 3. Nc3 Bg7 4. e4 d6 5. h3 O-O 6. Bg5 c5 7. d5 e6 8. Bd3 exd5
9. exd5 Nbd7 10. Nf3 Re8+ 11. Kf1 Ne5 12. Nxe5 Rxe5 13. Qd2 a6 14. a4 Bd7 15.
Bf4 Re8 16. Bxd6 Bxa4 17. Bf4 Bb3 18. Ra3 Bxc4 19. Bxc4 b5 20. Bg5 bxc4 21. g3
h6 22. Bxf6 Qxf6 23. Kg2 Qf5 24. Ra4 Rad8 25. Rd1 Rd6 26. Rxc4 Bd4 27. g4 Qe5
28. f3 Rb6 29. Na4 Rb3 30. Rf1 Qe2+ 31. Qxe2 Rxe2+ 32. Kh1 Rd3 33. Nc3 Rc2 34.
d6 Rdd2 35. Rxd4 Rh2+ 0-1

[Event "World Youth Open U16 2016"]
[Site "Khanty-Mansiysk RUS"]
[Date "2016.09.30"]
[Round "8.29"]
[White "Tifferet, Shaked"]
[Black "D'Avino, Gianfranco"]
[Result "1-0"]
[WhiteTitle "FM"]
[WhiteElo "2220"]
[BlackElo "2085"]
[WhiteFideId "2811529"]
[BlackFideId "884979"]
[EventDate "2016.09.22"]

1. c4 Nf6 2. Nc3 d5 3. cxd5 Nxd5 4. g3 g6 5. Bg2 Nb6 6. d3 Bg7 7. h4 h5 8. Be3
Nc6 9. Nf3 O-O 10. O-O Bf5 11. Ng5 Rb8 12. a4 Nd4 13. a5 Nc8 14. Nge4 Nd6 15.
Nc5 c6 16. Bg5 N6b5 17. Nxb5 Nxb5 18. Qd2 Qd4 19. Na4 Qd7 20. Nc5 Qd4 21. Na4
Qd7 22. Rac1 Nd4 23. Nc5 Qd6 24. Rc4 b6 25. Ne4 Bxe4 26. Bxe4 Nb3 27. Qb4 Nxa5
28. Qxd6 exd6 29. Rc2 d5 30. Bf3 Nb3 31. e3 d4 32. Bg2 c5 33. Bd5 Na5 34. e4 Kh7
35. Be7 Rh8 36. b4 Nb7 37. bxc5 Nxc5 38. Bxc5 Rhc8 39. Bd6 Rxc2 40. Bxb8 a5 41.
Rb1 a4 42. Rxb6 a3 43. Ra6 1-0

[Event "World Youth Open U16 2016"]
[Site "Khanty-Mansiysk RUS"]
[Date "2016.09.30"]
[Round "8.30"]
[White "Savic, Mihailo S"]
[Black "Koziol, Kamil"]
[Result "1/2-1/2"]
[WhiteElo "2067"]
[BlackElo "2212"]
[WhiteFideId "919934"]
[BlackFideId "1161555"]
[EventDate "2016.09.22"]

1. e4 c5 2. Nf3 d6 3. c3 Nf6 4. Be2 Nbd7 5. d3 g6 6. O-O Bg7 7. Re1 Qc7 8. Nbd2
O-O 9. Bf1 b6 10. d4 Bb7 11. b3 Rac8 12. Bb2 e6 13. Rc1 Rfd8 14. g3 d5 15. e5
Ne4 16. Bd3 Nxd2 17. Nxd2 a6 18. f4 b5 19. Qf3 cxd4 20. cxd4 Qa5 21. Qe2 Qxa2
22. Bc3 Qa3 23. Ra1 Qe7 24. Ba5 Re8 25. g4 f6 26. Nf3 Rc6 27. Kg2 f5 28. h3 Bh6
29. Qd2 Qf7 30. Ng5 Qg7 31. Rh1 Bxg5 32. fxg5 fxg4 33. hxg4 Nxe5 34. dxe5 Qxe5
35. Rae1 Qg7 36. Kh3 e5 37. Bc3 Rce6 38. Bb2 Qe7 39. Rhf1 b4 40. Ba1 a5 1/2-1/2

[Event "World Youth Open U16 2016"]
[Site "Khanty-Mansiysk RUS"]
[Date "2016.09.30"]
[Round "8.31"]
[White "Lintner, Igor"]
[Black "Shkurkin, Andrey"]
[Result "1-0"]
[BlackTitle "FM"]
[WhiteElo "2065"]
[BlackElo "2190"]
[WhiteFideId "14932970"]
[BlackFideId "34179647"]
[EventDate "2016.09.22"]

1. e4 c5 2. Nf3 g6 3. c4 Bg7 4. d4 cxd4 5. Nxd4 Nc6 6. Nc2 d6 7. Be2 Be6 8. O-O
Rc8 9. Nba3 Nf6 10. f3 O-O 11. Rb1 Nd7 12. Be3 Nc5 13. Qd2 a6 14. Rfc1 b5 15. b3
bxc4 16. Bxc4 Ne5 17. Be2 f5 18. b4 f4 19. Bf2 Na4 20. Nd4 Bd7 21. Bxa6 Rxc1+
22. Rxc1 Qa8 23. Be2 g5 24. Nc4 Rb8 25. Nxe5 Bxe5 26. Rc7 Nb6 27. Nb3 d5 28.
Bxb6 Bxc7 29. Bxc7 Qa7+ 30. Nc5 Qxc7 31. Qxd5+ e6 32. Qxd7 Qxd7 33. Nxd7 Rxb4
34. Nc5 Rb1+ 35. Kf2 Rb2 36. Nxe6 h6 37. a4 Ra2 38. Nc5 Rc2 39. Nb3 Rb2 40. a5
Kg7 41. Nd4 1-0